Drug Inspector (Record no. 8261)
[ view plain ]
| 000 -LEADER | |
|---|---|
| fixed length control field | 00307nam a2200133Ia 4500 |
| 008 - FIXED-LENGTH DATA ELEMENTS--GENERAL INFORMATION | |
| fixed length control field | 191201s2019 xx 000 0 und d |
| 082 ## - DEWEY DECIMAL CLASSIFICATION NUMBER | |
| Classification number | 615.19 GUD |
| 100 ## - MAIN ENTRY--PERSONAL NAME | |
| Personal name | GUPTA,M.K |
| 245 #0 - TITLE STATEMENT | |
| Title | Drug Inspector |
| 260 ## - PUBLICATION, DISTRIBUTION, ETC. (IMPRINT) | |
| Name of publisher, distributor, etc | Birla Pub |
| Place of publication, distribution, etc | New Delhi |
| Date of publication, distribution, etc | 2019 |
| 300 ## - PHYSICAL DESCRIPTION | |
| Extent | 512 |
| 650 ## - SUBJECT ADDED ENTRY--TOPICAL TERM | |
| Topical term or geographic name as entry element | Pharmaceutics |
| 942 ## - ADDED ENTRY ELEMENTS (KOHA) | |
| Source of classification or shelving scheme | Dewey Decimal Classification |
| Koha item type | Text Books |
| Withdrawn status | Lost status | Source of classification or shelving scheme | Damaged status | Not for loan | Collection code | Home library | Current library | Date acquired | Source of acquisition | Cost, normal purchase price | Bill Number | Total Checkouts | Full call number | Acc. no. / Barcode | Date last seen | Date last borrowed | Actual Cost, discounted price | Bill Date | Koha item type | Shelving location | Checked out |
|---|---|---|---|---|---|---|---|---|---|---|---|---|---|---|---|---|---|---|---|---|---|
| Dewey Decimal Classification | Diploma in Pharmacy | PIET C-LIBRARY | PIET C-LIBRARY | 25/03/2019 | Kirti Prakashan | 550.00 | IN 3105 | 1 | 615.19 GUD | DP254 | 27/08/2025 | 05/03/2025 | 368.50 | 12/03/2019 | Text Books | ||||||
| Dewey Decimal Classification | Diploma in Pharmacy | PIET C-LIBRARY | PIET C-LIBRARY | 25/03/2019 | Kirti Prakashan | 550.00 | IN 3105 | 615.19 GUD | DP255 | 04/12/2019 | 368.50 | 12/03/2019 | Reference Books | Ref. Sec. R01 | |||||||
| Dewey Decimal Classification | Diploma in Pharmacy | PIET C-LIBRARY | PIET C-LIBRARY | 25/03/2019 | Kirti Prakashan | 550.00 | IN 3105 | 615.19 GUD | DP256 | 04/12/2019 | 368.50 | 12/03/2019 | Text Books | 14/11/2019 | |||||||
| Dewey Decimal Classification | Diploma in Pharmacy | PIET C-LIBRARY | PIET C-LIBRARY | 25/03/2019 | Kirti Prakashan | 550.00 | IN 3105 | 615.19 GUD | DP257 | 04/12/2019 | 368.50 | 12/03/2019 | Text Books |